[Event "ESP-chT CECLUB Div2 Gp1"]
[Site "Padron"]
[Date "2012.08.10"]
[Round "4.3"]
[White "Alvarez Ibarra, Rafael"]
[Black "Gonzalez Diaz, Diego"]
[Result "1/2-1/2"]
[WhiteElo "2369"]
[BlackElo "2306"]
[PlyCount "114"]
[EventDate "2012.08.08"]
[EventType "team-swiss"]
[EventRounds "6"]
[EventCountry "ESP"]
[SourceTitle "CBM 149 Extra"]
[Source "ChessBase"]
[SourceDate "2012.08.24"]
[SourceVersion "1"]
[SourceVersionDate "2012.08.24"]
[SourceQuality "1"]
[WhiteTeam "Bilbao Conteneo"]
[BlackTeam "Circulo de las Artes"]
[WhiteTeamCountry "ESP"]
[BlackTeamCountry "ESP"]

1. e4 c5 2. Nf3 g6 3. d4 cxd4 4. Nxd4 Bg7 5. Nc3 Nc6 6. Be3 Nf6 7. Bc4 0-0 8. Bb3 a5 9. 0-0 a4 10. Nxa4 Nxe4 11. Nb5 Ra6 12. c4 d6 13. Qe2 Nf6 14. Rfd1 Bd7 15. Rac1 Ng4 16. Bf4 e5 17. Be3 Nd4 18. Nxd4 Nxe3 19. Nb5 Nxd1 20. Rxd1 Qe7 21. Nac3 Be6 22. Nd5 Bxd5 23. Rxd5 Rc8 24. Nc3 Rc5 25. Rd1 h5 26. Bc2 f5 27. b4 Rc8 28. Bb3 Kh7 29. Nd5 Qd8 30. a4 e4 31. a5 Rac6 32. g3 h4 33. Kh1 Qg5 34. Kg2 Be5 35. b5 Rc5 36. Rd2 Kg7 37. Qe3 Qxe3 38. fxe3 Rxd5 39. Rxd5 Re8 40. c5 Bc3 41. cxd6 Bxa5 42. gxh4 Kf6 43. d7 Rd8 44. Rd6+ Ke7 45. Rxg6 Rxd7 46. Rg7+ Kd8 47. Rxd7+ Kxd7 48. Bd5 Bd2 49. Kf2 f4 50. exf4 Bxf4 51. Bxb7 e3+ 52. Kf3 Ke7 53. h3 Kf8 54. b6 Kg7 55. Ba6 Bb8 56. Kxe3 Kh8 57. Ke4 Kg8 1/2-1/2

[Event "Basque-chT"]
[Site "Bergara"]
[Date "2012.02.18"]
[Round "6"]
[White "Del Rio de Angelis, Salvador Gabriel"]
[Black "Alvarez Ibarra, Rafael"]
[Result "1-0"]
[WhiteElo "2531"]
[BlackElo "2368"]
[PlyCount "73"]
[EventDate "2012.01.14"]
[EventType "team"]
[EventRounds "9"]
[EventCountry "ESP"]
[SourceTitle "EXT 2013"]
[Source "ChessBase"]
[SourceDate "2012.11.22"]
[SourceVersion "1"]
[SourceVersionDate "2012.11.22"]
[SourceQuality "1"]
[WhiteTeam "Sestao"]
[BlackTeam "Conteneo Bilbao Haitzak"]
[WhiteTeamCountry "ESP"]
[BlackTeamCountry "ESP"]

1. d4 d5 2. c4 c6 3. Nf3 Nf6 4. Nc3 dxc4 5. a4 e6 6. e3 c5 7. Bxc4 Nc6 8. 0-0 cxd4 9. exd4 Be7 10. Qe2 0-0 11. Rd1 Nd5 12. Bd3 Ncb4 13. Bb1 b6 14. Ne5 Bb7 15. a5 Rc8 16. a6 Ba8 17. Bd2 Nc6 18. Nf3 Re8 19. h4 Bf6 20. Ne4 Nce7 21. Nfg5 Rf8 22. Nxh7 Bxh4 23. Nxf8 Kxf8 24. Qh5 Nf5 25. Ra3 Bf6 26. Ng5 Bxg5 27. Bxg5 f6 28. Bd2 Qd7 29. Re1 Nde7 30. Bb4 Kg8 31. Bxe7 Nxe7 32. Rg3 Nf5 33. Bxf5 exf5 34. Rge3 Be4 35. Qd1 Rc4 36. Qb3 Qd5 37. Rc3 1-0

[Event "Euskadi-chT (Vasca) Div 1st"]
[Site "Bergara"]
[Date "2011.03.05"]
[Round "9.2"]
[White "Navarro Cia, Miguel"]
[Black "Alvarez Ibarra, Rafael"]
[Result "1/2-1/2"]
[WhiteElo "2330"]
[BlackElo "2372"]
[PlyCount "22"]
[EventDate "2011.01.08"]
[EventType "team-tourn"]
[EventRounds "9"]
[EventCountry "ESP"]
[SourceTitle "EXT 2024"]
[Source "ChessBase"]
[SourceDate "2023.10.10"]
[SourceVersion "1"]
[SourceVersionDate "2023.10.10"]
[SourceQuality "1"]

1. e4 e5 2. Nf3 Nc6 3. d4 exd4 4. Nxd4 Bc5 5. Be3 Qf6 6. c3 Nge7 7. g3 0-0 8. Bg2 d6 9. Nxc6 Nxc6 10. Bxc5 dxc5 11. 0-0 Be6 1/2-1/2

[Event "Euskadi-chT (Vasca) Div 1st"]
[Site "Bergara"]
[Date "2011.01.22"]
[Round "3.2"]
[White "Alvarado Fernandez, Mikel"]
[Black "Alvarez Ibarra, Rafael"]
[Result "0-1"]
[WhiteElo "1999"]
[BlackElo "2372"]
[PlyCount "81"]
[EventDate "2011.01.08"]
[EventType "team-tourn"]
[EventRounds "9"]
[EventCountry "ESP"]
[SourceTitle "EXT 2024"]
[Source "ChessBase"]
[SourceDate "2023.10.10"]
[SourceVersion "1"]
[SourceVersionDate "2023.10.10"]
[SourceQuality "1"]

1. d4 g6 2. g3 Bg7 3. Bg2 Nf6 4. Nf3 0-0 5. 0-0 d6 6. Re1 Nbd7 7. c3 e5 8. dxe5 dxe5 9. Bg5 h6 10. Bxf6 Qxf6 11. e4 Nc5 12. Qc2 b6 13. b4 Nb7 14. Nbd2 Nd6 15. a4 Be6 16. c4 Nb7 17. Nb3 a5 18. b5 Rfd8 19. Rac1 Qe7 20. Nfd2 Nc5 21. Nxc5 Qxc5 22. Nf1 h5 23. Ne3 Bh6 24. Bf1 Bxe3 25. Rxe3 Rd4 26. Qc3 Rad8 27. Rd3 Rxd3 28. Bxd3 Kh7 29. Kg2 Rd4 30. Rc2 Qd6 31. c5 bxc5 32. Be2 Rxa4 33. Qxc5 Rxe4 34. Qa7 a4 35. Bf3 Rc4 36. Rxc4 Bxc4 37. Qxa4 Qd4 38. Qc2 Kg7 39. h4 Qd3 40. Qb2 Qd4 41. Qb4 0-1

[Event "Euskadi-ch"]
[Site "Zornotza"]
[Date "2010.04.07"]
[Round "3"]
[White "Alvarez Ibarra, Rafael"]
[Black "Sarralde Osua, Rodrigo"]
[Result "1/2-1/2"]
[WhiteElo "2390"]
[BlackElo "2245"]
[PlyCount "39"]
[EventDate "2010.04.05"]
[EventType "swiss"]
[EventRounds "7"]
[EventCountry "ESP"]
[SourceTitle "CBM 136 Extra"]
[Source "ChessBase"]
[SourceDate "2010.07.02"]
[SourceVersion "2"]
[SourceVersionDate "2010.07.15"]
[SourceQuality "1"]

1. d4 d5 2. c4 c6 3. Nf3 Nf6 4. e3 e6 5. Bd3 Nbd7 6. Nbd2 Bd6 7. 0-0 0-0 8. e4 Nxe4 9. Nxe4 dxe4 10. Bxe4 h6 11. Bc2 e5 12. Qd3 f5 13. c5 Bc7 14. Qc4+ Kh8 15. Nxe5 Nxe5 16. dxe5 Bxe5 17. Bf4 Bxf4 18. Qxf4 Qf6 19. Rad1 Be6 20. Qd4 1/2-1/2

[Event "Euskadi-ch"]
[Site "Zornotza"]
[Date "2009.04.13"]
[Round "1"]
[White "Alvarez Ibarra, Rafael"]
[Black "Sanz Perez, Eduardo"]
[Result "1/2-1/2"]
[WhiteElo "2377"]
[BlackElo "2177"]
[PlyCount "85"]
[EventDate "2009.04.13"]
[EventType "swiss"]
[EventRounds "7"]
[EventCountry "ESP"]
[SourceTitle "EXT 2010"]
[Source "ChessBase"]
[SourceDate "2010.11.25"]
[SourceVersion "1"]
[SourceVersionDate "2010.11.25"]
[SourceQuality "1"]

1. d4 e6 2. Nf3 Nf6 3. c4 b6 4. g3 Ba6 5. Qc2 c5 6. d5 Qe7 7. Bg5 exd5 8. cxd5 Qe4 9. Qxe4+ Nxe4 10. Nc3 Nxg5 11. Nxg5 Be7 12. h4 h6 13. Nge4 f5 14. Nd2 d6 15. e4 Bxf1 16. Kxf1 0-0 17. Kg2 Nd7 18. Nc4 fxe4 19. Nxe4 Nf6 20. Nxf6+ Bxf6 21. Rad1 Bd4 22. f3 Rf5 23. Nxd6 Rxd5 24. Ne4 Rad8 25. b3 Kf7 26. Rhe1 Bf6 27. Rc1 Rd3 28. Re2 R8d5 29. Rcc2 Bd4 30. Red2 Be3 31. Rxd3 Rxd3 32. b4 cxb4 33. Rc7+ Ke6 34. Rxa7 Ra3 35. Rxa3 bxa3 36. Kf1 Kd5 37. Ke2 Bd4 38. Kd3 Be5 39. h5 b5 40. g4 b4 41. Nd2 Bc3 42. Nb3 Bf6 43. Na5 1/2-1/2

[Event "Sant Carles la Rapita op"]
[Site "Sant Carles la Rapita"]
[Date "2006.07.16"]
[Round "8"]
[White "Van Riemsdijk, Herman Claudius"]
[Black "Alvarez Ibarra, Rafael"]
[Result "0-1"]
[WhiteElo "2376"]
[BlackElo "2391"]
[PlyCount "52"]
[EventDate "2006.07.16"]
[EventType "swiss"]
[EventRounds "8"]
[EventCountry "ESP"]
[SourceTitle "EXT 2024"]
[Source "ChessBase"]
[SourceDate "2023.10.10"]
[SourceVersion "1"]
[SourceVersionDate "2023.10.10"]
[SourceQuality "1"]

1. e4 c5 2. Nf3 Nc6 3. Nc3 g6 4. d4 cxd4 5. Nxd4 Bg7 6. Be3 Nf6 7. Bc4 0-0 8. Bb3 d6 9. h3 Bd7 10. 0-0 Rc8 11. f4 Na5 12. e5 Nh5 13. e6 Nxb3 14. exd7 Rxc3 15. bxc3 Nxa1 16. Qf3 e5 17. fxe5 dxe5 18. Nf5 e4 19. Qxe4 gxf5 20. Qd3 Qc7 21. Rxa1 Qxc3 22. d8Q Qxa1+ 23. Kf2 Rxd8 24. Qxd8+ Bf8 25. Bc5 Qg7 26. g4 fxg4 0-1

[Event "Valencia-chT Div Honor"]
[Site "Alfas del Pi"]
[Date "2005.01.23"]
[Round "3.1"]
[White "Alvarez Ibarra, Rafael"]
[Black "Torres Sanchez, Jose"]
[Result "1/2-1/2"]
[WhiteElo "2405"]
[BlackElo "2272"]
[PlyCount "21"]
[EventDate "2005.01.22"]
[EventType "team-tourn"]
[EventRounds "10"]
[EventCountry "ESP"]
[SourceTitle "CBM 104 Extra"]
[Source "ChessBase"]
[SourceDate "2005.03.01"]
[SourceVersion "1"]
[SourceVersionDate "2005.03.01"]
[SourceQuality "1"]

1. e4 e6 2. d4 d5 3. Nc3 dxe4 4. Nxe4 Nd7 5. g3 Ngf6 6. Nxf6+ Qxf6 7. Nf3 e5 8. Qe2 Qc6 9. Bd2 Bd6 10. dxe5 Nxe5 11. Nxe5 1/2-1/2

[Event "Euskadi-ch"]
[Site "San Sebastian"]
[Date "2004.04.15"]
[Round "6"]
[White "Alvarez Ibarra, Rafael"]
[Black "Navarro Cia, Miguel"]
[Result "1/2-1/2"]
[WhiteElo "2421"]
[BlackElo "2326"]
[PlyCount "32"]
[EventDate "2004.04.13"]
[EventType "swiss"]
[EventRounds "7"]
[EventCountry "ESP"]
[SourceTitle "EXT 2006"]
[Source "ChessBase"]
[SourceDate "2005.11.24"]
[SourceVersion "1"]
[SourceVersionDate "2005.11.24"]
[SourceQuality "1"]

1. c4 f5 2. d4 Nf6 3. g3 g6 4. Bg2 Bg7 5. Nf3 0-0 6. 0-0 d6 7. b4 e5 8. dxe5 dxe5 9. Bb2 e4 10. Nd4 Qe7 11. Qb3 c6 12. Nc3 Qf7 13. f3 exf3 14. exf3 Nbd7 15. c5 Ne5 16. Rad1 Bd7 1/2-1/2

[Event "Euskadi-ch"]
[Site "San Sebastian"]
[Date "2004.04.14"]
[Round "3"]
[White "Alonso, Ismael"]
[Black "Alvarez Ibarra, Rafael"]
[Result "1/2-1/2"]
[WhiteElo "2346"]
[BlackElo "2421"]
[PlyCount "60"]
[EventDate "2004.04.13"]
[EventType "swiss"]
[EventRounds "7"]
[EventCountry "ESP"]
[SourceTitle "EXT 2006"]
[Source "ChessBase"]
[SourceDate "2005.11.24"]
[SourceVersion "1"]
[SourceVersionDate "2005.11.24"]
[SourceQuality "1"]

1. d4 d5 2. Bg5 f6 3. Bh4 Nh6 4. f3 c5 5. c3 Qb6 6. Qd2 e6 7. g4 Nc6 8. Bf2 e5 9. e3 Be6 10. Ne2 Be7 11. Bg2 0-0 12. 0-0 Rad8 13. h4 Nf7 14. a3 Nd6 15. dxc5 Qxc5 16. b4 Qb6 17. e4 Qc7 18. exd5 Nc4 19. Qc2 Rxd5 20. f4 Rd7 21. Be4 Bxg4 22. Bxh7+ Kh8 23. Bf5 Bxf5 24. Qxf5 g6 25. Qe4 Nd8 26. h5 f5 27. Qh1 g5 28. fxe5 Nc6 29. e6 Rd3 30. Nd4 Nxd4 1/2-1/2

[Event "Autonomico Clubs"]
[Site "Spain"]
[Date "2004.??.??"]
[Round "?"]
[White "Alvarez Ibarra, Rafael"]
[Black "Ibanez Aullana, Jose Ramon"]
[Result "1/2-1/2"]
[WhiteElo "2426"]
[BlackElo "2288"]
[PlyCount "59"]
[EventDate "2004.??.??"]
[EventType "team-tourn"]
[EventRounds "7"]
[EventCountry "ESP"]
[SourceTitle "EXT 2007"]
[Source "ChessBase"]
[SourceDate "2006.11.23"]
[SourceVersion "1"]
[SourceVersionDate "2006.11.23"]
[SourceQuality "1"]

1. e4 e5 2. Nf3 Nc6 3. Bb5 a6 4. Ba4 d6 5. 0-0 Bd7 6. c3 g6 7. d4 Bg7 8. Be3 Nf6 9. dxe5 dxe5 10. Nbd2 0-0 11. Qe2 Nh5 12. g3 Qe7 13. Bb3 Bh3 14. Rfe1 h6 15. Bd5 Bd7 16. Nh4 Kh7 17. Nf5 Qf6 18. Nxg7 Qxg7 19. Rad1 Nf6 20. Nb3 Nxd5 21. exd5 Nd8 22. d6 cxd6 23. Rxd6 Bh3 24. Nc5 f6 25. Red1 Nf7 26. Rb6 Nd8 27. Rdd6 Nf7 28. Ne6 Bxe6 29. Rxe6 Nd8 30. Red6 1/2-1/2

[Event "Autonomico Clubs"]
[Site "Spain"]
[Date "2004.??.??"]
[Round "?"]
[White "Custard Gasco, Daniela Brenda"]
[Black "Alvarez Ibarra, Rafael"]
[Result "0-1"]
[WhiteElo "1985"]
[BlackElo "2426"]
[PlyCount "98"]
[EventDate "2004.??.??"]
[EventType "team-tourn"]
[EventRounds "7"]
[EventCountry "ESP"]
[SourceTitle "EXT 2007"]
[Source "ChessBase"]
[SourceDate "2006.11.23"]
[SourceVersion "1"]
[SourceVersionDate "2006.11.23"]
[SourceQuality "1"]

1. e4 c5 2. Nf3 Nc6 3. d4 cxd4 4. Nxd4 g6 5. Nc3 Bg7 6. Be3 Nf6 7. Bc4 0-0 8. f3 Qb6 9. Bb3 Nxe4 10. Nf5 Nxc3 11. Qd2 Qa5 12. Nxg7 Ne4 13. Qxa5 Nxa5 14. fxe4 Kxg7 15. Bd4+ Kg8 16. 0-0-0 d6 17. h3 Be6 18. g4 Nxb3+ 19. axb3 f6 20. Rdg1 g5 21. Rg3 a6 22. Rc3 Rac8 23. Rd1 Rxc3 24. Bxc3 Kf7 25. Rd3 h5 26. gxh5 Rh8 27. Be1 Rxh5 28. Rc3 Bd7 29. Kd2 Rxh3 30. Rxh3 Bxh3 31. Ke3 Ke6 32. Kd4 Bg4 33. b4 b5 34. Bg3 Bd1 35. c3 Bb3 36. Bh2 Kd7 37. Ke3 e5 38. Bg3 Ke6 39. Kd3 d5 40. Bf2 dxe4+ 41. Kxe4 f5+ 42. Kf3 Bd1+ 43. Ke3 f4+ 44. Kd2 Bb3 45. Bc5 g4 46. Kd3 Kd5 47. Bg1 e4+ 48. Kd2 g3 49. Ke2 Bc4+ 0-1

[Event "Euskadi-ch"]
[Site "Vitoria Gasteiz"]
[Date "2003.04.27"]
[Round "7.4"]
[White "Fernandez Hernandez, Gerardo"]
[Black "Alvarez Ibarra, Rafael"]
[Result "1/2-1/2"]
[WhiteElo "2213"]
[BlackElo "2432"]
[PlyCount "72"]
[EventDate "2003.04.22"]
[EventType "swiss"]
[EventRounds "7"]
[EventCountry "ESP"]
[SourceTitle "EXT 2004"]
[Source "ChessBase"]
[SourceDate "2003.11.25"]
[SourceVersion "1"]
[SourceVersionDate "2003.11.25"]
[SourceQuality "1"]

1. e4 c5 2. d3 Nc6 3. f4 g6 4. Nf3 Bg7 5. g3 e6 6. Bg2 Nge7 7. 0-0 0-0 8. c3 b6 9. Be3 Ba6 10. Bf2 Qc7 11. Qe2 d6 12. Nbd2 Rae8 13. Rae1 Qd7 14. Kh1 Kh8 15. Ng5 f6 16. Ngf3 d5 17. e5 fxe5 18. fxe5 Bb7 19. a3 Kg8 20. d4 cxd4 21. cxd4 Nb8 22. Rg1 Ba6 23. Qd1 Rc8 24. Bf1 Bh6 25. Bxa6 Nxa6 26. Qe2 Nb8 27. Nb1 Qa4 28. Nc3 Qc4 29. Kg2 Qxe2 30. Rxe2 Rc4 31. Nb5 a6 32. Nd6 Rc6 33. Be3 Bxe3 34. Rxe3 Nf5 35. Re2 Nd7 36. Rge1 h6 1/2-1/2